000
00294nam a22001097a 4500
008
170106b xxu||||| |||| 00| 0 eng d
020
_a
0683004360
041
_a
eng
080
_2
2nd
_a
618.2
245
_a
PRINCIPLES OF AMBULATORY MEDICINE
_c
BARKER, L.R & BURTON, J.R & ZIEVE, P.D
942
_2
udc
_c
BK
999
_c
2592
_d
2592